LEADER 01272nam a2200277 4500 001 000000343391 003 CaOOAMICUS 005 20201223104206.0 008 201214s2020 it 000 u ita r 020 $a978-88-6894-434-6 040 $aSeMil$bita 100 1 $aGessaga, Paolo,$c.$0(OLS)http://semarc/name/71266 245 13$aIl Padre nostro č servito :$bil Vangelo sulla tavola della famiglia : itinerario per sposi e gruppi familiari /$cPaolo Gessaga. 264 1$aMilano :$bCentro Ambrosiano,$c2020. 300 $a185 p. ;$c21 cm 541 0 $aOmaggio mons. Delpini (2C II 668) 650 4$aFamiglia - Preghiera.$0(OLS)http://semarc/subject/21614 650 4$aPadre Nostro - Meditazioni.$0(OLS)http://semarc/subject/16032 850 $aSeMil 852 $aSeMil$W1$xVenegono$y1$m2C II 668$j223167$B234382$CSeMilBibl$Z2$F234382 $81 941 1 $a7 961 $aOmaggio mons. Mario Delpini 996 $6020$a978-88-6894-434-6$9(OLS)http://semarc/number/291864 996 $6245$aIl Padre nostro č servito :$bil Vangelo sulla tavola della famiglia : itinerario per sposi e gruppi familiari$9(OLS)http://semarc/title/432353 996 $6264$aMilano :$bCentro Ambrosiano$9(OLS)http://semarc/publisher/29766 LEADER 01380nam a2200277 i 4500 001 000000215454 003 CaOOAMICUS 005 20120824000000.0 008 120824s1940 it u000 u ita u 013 $a194327 040 $aSeMil$bita 100 1 $aAzimonti, Carlo.$0(OLS)http://semarc/name/15617 245 10$aCucina bustocca /$cCarlo Azimonti ; collabotazione artistica di Luigi Milani ; copertina e disegni di Romeo Maccaferri. 260 $aBusto Arsizio :$bP. Pellegatta,$c1940. 300 $aXVI, 153 p. :$bill. ;$c28 cm. 500 $aSul front.: Mangiā da Cunumėa, Ernesto Bottigelli ; Piante medicinali, Rodolfo Pisoni ; Antidiluviana, Azimonti, Bottigelli, Pisoni. 650 4$aCulinaria - Val Padana.$0(OLS)http://semarc/subject/1723 650 4$aBusto Arsizio - Folclore e tradizioni locali.$0(OLS)http://semarc/subject/5670 650 4$aCulinaria - Ricette.$0(OLS)http://semarc/subject/37063 650 4$aBusto Arsizio - Culinaria.$0(OLS)http://semarc/subject/40142 700 1 $aMaccaferri, Romeo.$0(OLS)http://semarc/name/76459 700 1 $aMilani, Luigi.$0(OLS)http://semarc/name/37793 850 $aSeMil 852 $aSeMil$W1$xVenegono$y1$m3P IV 139$j165874$B165874$CSeMilBibl$Z2$F176832 $81 996 $6245$aCucina bustocca$9(OLS)http://semarc/title/310174 996 $6260$aBusto Arsizio :$bP. Pellegatta$9(OLS)http://semarc/publisher/52933